000
00266nam a2200097Ia 4500
001
709829
005
20250826162737.0
008
250824s9999 xx 000 0 und d
245
0
_a
KURANI KERİM VE AÇIKLAMALI MEALİ
_c
KOMİSYON
260
_b
DİYANET İŞLERİ YAYINLARI
999
_c
709829
_d
709829